Israr-Ut-Tanzeel (Record no. 299692)
[ view plain ]
| 000 -LEADER | |
|---|---|
| fixed length control field | 00266 a2200109 4500 |
| 001 - CONTROL NUMBER | |
| control field | 64619 |
| 082 ## - DEWEY DECIMAL CLASSIFICATION NUMBER | |
| Classification number | 297.122 AKR |
| 090 ## - LOCALLY ASSIGNED LC-TYPE CALL NUMBER (OCLC); LOCAL CALL NUMBER (RLIN) | |
| -- | 38219 |
| -- | 38219 |
| 100 ## - MAIN ENTRY--PERSONAL NAME | |
| Personal name | Maulana M Akram Awan |
| 245 ## - TITLE STATEMENT | |
| Title | Israr-Ut-Tanzeel |
| Number of part/section of a work | Jeld Doyam |
| 260 ## - PUBLICATION, DISTRIBUTION, ETC. | |
| Name of publisher, distributor, etc. | Idarah-i-Naqshbandia Owaisia |
| 942 ## - ADDED ENTRY ELEMENTS (KOHA) | |
| Institution code [OBSOLETE] | NUST-CAE |
| Call number prefix | 297.122 AKR |
| Withdrawn status | Lost status | Damaged status | Not for loan | Collection code | Permanent Location | Current Location | Date acquired | Total Checkouts | Full call number | Barcode | Date last seen | Price effective from | Koha item type |
|---|---|---|---|---|---|---|---|---|---|---|---|---|---|
| College of Aeronautical Engineering (CAE) | College of Aeronautical Engineering (CAE) | 04/03/2017 | 297.122 AKR | CAEG-5128 | 04/05/2017 | 04/05/2017 | Book |
